000 00487nam a22001937a 4500
003 CEME
005 20210628202747.0
008 210125b xxu||||| |||| 00| 0 eng d
020 _a9812-53-034-7
040 _c.
082 _a519.536 DRA
100 _aDraper, Norman .R Smith, Harry
_961486
245 _aApplied regression analysis
250 _a3RD
260 _aNEW YORK
_bJOHN WILEY
_c1998
300 _aXVII,710 P
650 _aREGRESSION ANALYSIS
_926737
942 _cBK
_2ddc
999 _c570922
_d570922